|
|
|
|
| LEADER |
01643nam a22004214a 4500 |
| 001 |
EBC280542 |
| 003 |
MiAaPQ |
| 005 |
20200520144314.0 |
| 006 |
m o d | |
| 007 |
cr cn||||||||| |
| 008 |
050119s2005 ne b sb 001 0 eng |
| 010 |
|
|
|z 2005042011
|
| 020 |
|
|
|z 9004144161 (alk. paper)
|
| 035 |
|
|
|a (MiAaPQ)EBC280542
|
| 035 |
|
|
|a (Au-PeEL)EBL280542
|
| 035 |
|
|
|a (CaPaEBR)ebr10171767
|
| 035 |
|
|
|a (CaONFJC)MIL86817
|
| 035 |
|
|
|a (OCoLC)191940199
|
| 040 |
|
|
|a MiAaPQ
|c MiAaPQ
|d MiAaPQ
|
| 043 |
|
|
|a a-cc---
|
| 050 |
|
4 |
|a HF3835
|b .B54 2005
|
| 082 |
0 |
4 |
|a 327.51/009/021
|2 22
|
| 100 |
1 |
|
|a Bielenstein, Hans.
|
| 245 |
1 |
0 |
|a Diplomacy and trade in the Chinese world, 589-1276
|h [electronic resource] /
|c by Hans Bielenstein.
|
| 260 |
|
|
|a Leiden ; Boston :
|b Brill,
|c 2005.
|
| 300 |
|
|
|a ix, 720 p. :
|b maps.
|
| 490 |
1 |
|
|a Handbook of Oriental studies, Section 4, China,
|x 0169-9520 =
|a Handbuch der Orientalistik
|
| 504 |
|
|
|a Includes bibliographical references and index.
|
| 533 |
|
|
|a Electronic reproduction. Ann Arbor, MI : ProQuest, 2015. Available via World Wide Web. Access may be limited to ProQuest affiliated libraries.
|
| 651 |
|
0 |
|a China
|x Commerce
|x History.
|
| 651 |
|
0 |
|a China
|x Foreign relations
|y To 1644.
|
| 651 |
|
0 |
|a China
|x History
|y Sui dynasty, 581-618.
|
| 651 |
|
0 |
|a China
|x History
|y Tang dynasty, 618-907.
|
| 651 |
|
0 |
|a China
|x History
|y Song dynasty, 960-1279.
|
| 655 |
|
4 |
|a Electronic books.
|
| 710 |
2 |
|
|a ProQuest (Firm)
|
| 830 |
|
0 |
|a Handbuch der Orientalistik.
|n Vierte Abteilung,
|p China.
|
| 856 |
4 |
0 |
|u https://ebookcentral.proquest.com/lib/matrademy/detail.action?docID=280542
|z Click to View
|